[Event "Women's Speed Chess Q7"]
[Site "chess.com INT"]
[Date "2021.06.06"]
[Round "16"]
[White "Semenova, Elena1"]
[Black "Zakirova, Aisha"]
[Result "1-0"]
[WhiteTitle "WIM"]
[BlackTitle "WCM"]
[WhiteElo "2246"]
[BlackElo "1585"]
[WhiteFideId "24125148"]
[BlackFideId "13719734"]
[EventDate "2021.06.06"]

1. e4 c5 2. Nf3 d6 3. Nc3 Nf6 4. e5 dxe5 5. Nxe5 a6 6. g3 g6 7. Bg2 Bg7 8. O-O
O-O 9. Re1 Nbd7 10. Nc4 Rb8 11. a4 b5 12. axb5 axb5 13. Na5 b4 14. Nc6 Qc7 15.
Nxb8 Nxb8 16. Nd5 Nxd5 17. Bxd5 e6 18. Bg2 Bb7 19. d3 Bxg2 20. Kxg2 Nc6 21. Ra6
Nd4 22. Ra1 Qb7+ 23. f3 b3 24. cxb3 Nxb3 25. Ra2 Rd8 26. Qe2 h5 27. Be3 Nd4 28.
Bxd4 Rxd4 29. Ra5 h4 30. Rxc5 Rb4 31. Rc2 Bd4 32. Qe4 Qb8 33. Ree2 Bg7 34. Qe3
hxg3 35. hxg3 Bd4 36. Qc1 Kg7 37. Rc4 Rxb2 38. Rxb2 Bxb2 39. Qb1 Qb5 40. Rc2
Qxd3 41. Qxb2+ 1-0

[Event "Women's Speed Chess Q7"]
[Site "chess.com INT"]
[Date "2021.06.06"]
[Round "16"]
[White "Grineva, Marianna"]
[Black "Varshini, V"]
[Result "0-1"]
[WhiteTitle "WFM"]
[BlackTitle "WGM"]
[WhiteElo "2029"]
[BlackElo "2226"]
[WhiteFideId "14102013"]
[BlackFideId "5091241"]
[EventDate "2021.06.06"]

1. e4 c5 2. Nf3 d6 3. d4 cxd4 4. Nxd4 Nf6 5. Nc3 a6 6. f3 e6 7. Be3 Be7 8. Qd2
Qc7 9. O-O-O b5 10. g4 Bb7 11. h4 Nc6 12. Nxc6 Bxc6 13. Ne2 Nd7 14. Nd4 Bb7 15.
g5 Ne5 16. f4 Nc4 17. Bxc4 Qxc4 18. Qd3 Rc8 19. Kb1 Qxd3 20. cxd3 h6 21. g6 Bf6
22. gxf7+ Kxf7 23. h5 Rc7 24. Rhg1 Rhc8 25. f5 exf5 26. Nxf5 Rd7 27. Bf4 Rcd8
28. Rd2 Kf8 29. Rdg2 Bc8 30. a3 Bb7 31. Nd4 Bxd4 32. Rf1 Rf7 33. Rg3 Be5 34.
Rgf3 Bxf4 35. Rxf4 Rxf4 36. Rxf4+ Ke7 37. Rf5 Rf8 38. Kc2 Rxf5 39. exf5 Kf6 40.
Kc3 Kxf5 41. Kb4 Ke5 42. Ka5 Bc8 43. Kb6 Kd4 44. Kc7 Bg4 45. Kb7 Kxd3 46. Kxa6
Kc4 47. Kb6 Bxh5 48. Kc6 d5 49. b3+ Kxb3 50. Kxd5 Kxa3 51. Kc5 b4 52. Kb5 b3 0-1

[Event "Women's Speed Chess Q7"]
[Site "chess.com INT"]
[Date "2021.06.06"]
[Round "16"]
[White "Ortiz Verdezoto, Anahi"]
[Black "Cyfka, Karina"]
[Result "1-0"]
[WhiteTitle "WIM"]
[BlackTitle "IM"]
[WhiteElo "2013"]
[BlackElo "2417"]
[WhiteFideId "3614581"]
[BlackFideId "1122681"]
[EventDate "2021.06.06"]

1. d4 d6 2. e4 Nf6 3. Nc3 Nc6 4. Nf3 Bg4 5. Be2 e5 6. Be3 exd4 7. Nxd4 Bxe2 8.
Qxe2 Nxd4 9. Bxd4 Be7 10. O-O O-O 11. Rad1 Qc8 12. Rfe1 Qe6 13. f3 c6 14. Bf2
Nd7 15. Qd3 Ne5 16. Qd4 Rfd8 17. a3 Bf6 18. Qb4 b5 19. Ne2 a5 20. Qb3 Nc4 21.
Nd4 Bxd4 22. Bxd4 a4 23. Qc3 f6 24. Bf2 Qe5 25. Bd4 Qg5 26. g3 c5 27. Bf2 Qh5
28. Rd5 Qg6 29. Red1 h5 30. Bxc5 h4 31. Bf2 hxg3 32. hxg3 Rac8 33. Qb4 Kh7 34.
Kg2 Ne5 35. R1d2 Qh5 36. g4 Qf7 37. Qxb5 Ng6 38. Bg3 Rb8 39. Qf1 Rxb2 40. Qh1+
Kg8 41. Rxd6 Rxd6 42. Bxd6 Qc4 43. Qf1 Qc3 44. Qd3 Qxd3 45. Rxd3 Rxc2+ 46. Kg3
Ra2 47. Bb4 Kf7 48. Rd7+ Kg8 49. Rd8+ Kf7 50. Rd7+ Kg8 51. Ra7 Ne5 52. Rxa4 Nd3
53. Ra8+ Kh7 54. Rb8 Ne1 55. Bxe1 1-0

[Event "Women's Speed Chess Q7"]
[Site "chess.com INT"]
[Date "2021.06.06"]
[Round "16"]
[White "Vantika, Agrawal"]
[Black "Perez Rodriguez, Jennifer"]
[Result "1-0"]
[WhiteTitle "WIM"]
[BlackTitle "WIM"]
[WhiteElo "2286"]
[BlackElo "2251"]
[WhiteFideId "25050389"]
[BlackFideId "3507831"]
[EventDate "2021.06.06"]

1. d4 d5 2. Bg5 f6 3. Bf4 c5 4. e3 Nc6 5. Nf3 Qb6 6. b3 cxd4 7. exd4 Bg4 8. c3
e6 9. Nbd2 Nge7 10. h3 Bh5 11. Bd3 Bg6 12. Qe2 Nf5 13. Qxe6+ Nfe7 14. Bxg6+ hxg6
15. O-O Nd8 16. Qxb6 axb6 17. Rfe1 Kf7 18. c4 Ndc6 19. a4 Nb4 20. Red1 Rc8 21.
a5 bxa5 22. Rxa5 Nec6 23. Rb5 Nd3 24. Rxb7+ Be7 25. Be3 dxc4 26. bxc4 Ndb4 27.
Ne4 Kf8 28. d5 Nd8 29. d6 Nxb7 30. dxe7+ Kxe7 31. c5 Rhd8 32. Rb1 Nc6 33. Rxb7+
Kf8 34. Nd6 Rb8 35. Rf7+ Kg8 36. Rc7 Ne5 37. Nd4 Rb1+ 38. Kh2 g5 39. Ne6 Rd7 40.
Rc8+ Kh7 41. Nf8+ Kh6 42. Nxd7 Nxd7 43. c6 Ne5 44. c7 Rb3 45. Rh8+ Kg6 46. c8=Q
Rxe3 47. fxe3 Nf3+ 48. gxf3 1-0

[Event "Women's Speed Chess Q7"]
[Site "chess.com INT"]
[Date "2021.06.06"]
[Round "16"]
[White "Garifullina, Leya"]
[Black "Kazarian, Anna-Maja"]
[Result "0-1"]
[WhiteTitle "WGM"]
[BlackTitle "FM"]
[WhiteElo "2399"]
[BlackElo "2096"]
[WhiteFideId "34127035"]
[BlackFideId "1033689"]
[EventDate "2021.06.06"]

1. e4 e6 2. d4 d5 3. Nc3 Nf6 4. e5 Nfd7 5. f4 c5 6. Nf3 Nc6 7. Be3 Be7 8. Qd2
O-O 9. Ne2 c4 10. c3 b5 11. g4 b4 12. f5 bxc3 13. bxc3 Rb8 14. Bg2 Qb6 15. O-O
Qb2 16. Kf2 Qxd2 17. Bxd2 Ba3 18. Rab1 Bb2 19. Ng3 Ne7 20. Ke2 Ba6 21. a4 Rb3
22. Kd1 Bxc3 23. Rxb3 cxb3 24. Bxc3 Bxf1 25. Bxf1 Rc8 26. Kd2 Nb6 27. Bd3 Nxa4
28. Ne2 Nb6 29. Kc1 Nc4 30. Kb1 a5 31. Bxc4 dxc4 32. Bxa5 exf5 33. g5 Nd5 34.
Bc3 g6 35. Nd2 Kf8 36. Kb2 f4 37. Nf3 Ke7 38. Bd2 Ke6 39. Nc3 Nb4 40. Ne4 Nd3+
41. Kb1 Ra8 42. Bc3 Ra2 43. Nf6 Rf2 44. d5+ Kf5 45. Nd4+ Kxg5 46. Nb5 Rf1+ 47.
Be1 Rxe1# 0-1

[Event "Women's Speed Chess Q7"]
[Site "chess.com INT"]
[Date "2021.06.06"]
[Round "16"]
[White "Sliwicka, Alicja"]
[Black "Purtseladze, Maka"]
[Result "0-1"]
[WhiteTitle "WIM"]
[BlackTitle "IM"]
[WhiteElo "2308"]
[BlackElo "2274"]
[WhiteFideId "1150677"]
[BlackFideId "13602659"]
[EventDate "2021.06.06"]

1. e4 c6 2. d4 d5 3. e5 a6 4. c4 e6 5. Nc3 b5 6. c5 b4 7. Nce2 a5 8. f4 Ba6 9.
Nf3 Nh6 10. Ng3 Bxf1 11. Kxf1 g6 12. h3 Nf5 13. Nxf5 gxf5 14. Be3 Na6 15. g4 Nc7
16. Qe2 fxg4 17. hxg4 h6 18. Rh5 Bg7 19. Qh2 Qc8 20. g5 Qa6+ 21. Kf2 O-O-O 22.
gxh6 Bf8 23. Ng5 Qd3 24. Re1 Qg6 25. h7 Be7 26. Rh6 Qf5 27. Rh5 Bxg5 28. Rxg5
Rxh7 29. Rxf5 Rxh2+ 30. Kg3 Rg8+ 31. Kxh2 exf5 32. Rg1 Rh8+ 33. Kg2 Ne6 34. Kf1
Rh2 35. Rg2 Rh1+ 36. Ke2 Ra1 37. Kd3 Rxa2 38. Kc2 a4 39. Kb1 b3 40. Bd2 a3 41.
bxa3 Rxa3 42. Kb2 Ra4 43. Kxb3 Rxd4 44. Be3 Re4 45. Bc1 Nxc5+ 46. Kc3 Ne6 47.
Rg8+ Kd7 48. Ra8 Nxf4 49. Ra7+ Ke6 50. Rc7 Rc4+ 51. Kb2 Kxe5 52. Bxf4+ Kxf4 53.
Rxf7 Ke4 54. Kb3 f4 55. Re7+ Kf3 56. Rf7 Kf2 57. Rf8 f3 58. Rf7 Ke2 59. Re7+ Re4 0-1

[Event "Women's Speed Chess Q7"]
[Site "chess.com INT"]
[Date "2021.06.06"]
[Round "16"]
[White "Belenkaya, Dina"]
[Black "Corrales Jimenez, Zenia"]
[Result "1-0"]
[WhiteTitle "WGM"]
[BlackTitle "WIM"]
[WhiteElo "2341"]
[BlackElo "2189"]
[WhiteFideId "24142654"]
[BlackFideId "3506355"]
[EventDate "2021.06.06"]

1. e4 c5 2. Nc3 Nc6 3. g3 d6 4. Bg2 g6 5. d3 Bg7 6. Nge2 e6 7. O-O Nge7 8. Be3
O-O 9. Qd2 Rb8 10. Bh6 b5 11. Rae1 b4 12. Nd1 a5 13. Bxg7 Kxg7 14. Ne3 a4 15.
Ng4 f5 16. exf5 exf5 17. Qh6+ Kh8 18. Ne3 Ne5 19. Nf4 Nf7 20. Qh3 Ng5 21. Qh4
Nf7 22. Ned5 g5 23. Qh3 g4 24. Qh4 Nxd5 25. Ng6+ Kg7 26. Nxf8 Qxh4 27. gxh4 Nf4
28. Re8 Nxg2 29. Nd7 Bb7 30. Nxb8 Nxh4 31. Rc1 Nf3+ 32. Kf1 Nxh2+ 33. Ke2 Nf3
34. Re7 Nd4+ 35. Kd2 Kf6 36. Rxb7 Nf3+ 37. Ke2 N7g5 38. Ra7 Nd4+ 39. Kd2 Ngf3+
40. Kd1 g3 41. fxg3 Kg5 42. Rxh7 Kg4 43. Rg7+ Kh3 44. c3 Kg2 45. cxd4 Kf2 46.
dxc5 Nd4 47. cxd6 f4 48. gxf4 Nf3 49. Kc2 Nd2 50. Kxd2 b3 51. axb3 a3 52. Rb1
axb2 53. Rxb2 Kf3 54. d7 Kf2 55. d8=Q 1-0

[Event "Women's Speed Chess Q7"]
[Site "chess.com INT"]
[Date "2021.06.06"]
[Round "16"]
[White "Head, Louise"]
[Black "Petrova, Irina"]
[Result "0-1"]
[WhiteTitle "WFM"]
[BlackTitle "WIM"]
[WhiteElo "2090"]
[BlackElo "2110"]
[WhiteFideId "424773"]
[BlackFideId "14124122"]
[EventDate "2021.06.06"]

1. d4 d6 2. c4 e5 3. dxe5 dxe5 4. Qxd8+ Kxd8 5. g3 c6 6. Bg2 Be6 7. Nf3 f6 8. b3
Nd7 9. O-O Kc7 10. Rd1 Ne7 11. Ba3 Nc8 12. Bxf8 Rxf8 13. Nc3 a5 14. Nd2 Ncb6 15.
Nde4 Rfd8 16. Rd2 a4 17. Rad1 axb3 18. axb3 Nf8 19. Rxd8 Rxd8 20. Rxd8 Kxd8 21.
Nc5 Bc8 22. N3a4 Nxa4 23. Nxa4 Ne6 24. e3 b5 25. Nb6 Bd7 26. Nxd7 Kxd7 27. cxb5
cxb5 28. Bd5 Nc5 29. Bg8 b4 30. Kf1 h6 31. Ke2 Kd6 32. Bc4 e4 33. f3 exf3+ 34.
Kxf3 Ke5 35. Bf7 Nd7 36. Bc4 f5 37. Bg8 g5 38. h3 Nf6 39. Bf7 g4+ 40. hxg4 fxg4+
41. Kf2 Ne4+ 42. Kg2 Nc5 43. Bc4 Ke4 44. Kf2 Nd3+ 45. Ke2 Nc5 46. Bf7 Ke5 47.
Bh5 Nxb3 48. Bxg4 Nc5 49. Kd2 Ne4+ 50. Kd3 Nf2+ 51. Kc4 Nxg4 52. Kxb4 Nxe3 53.
Kc3 Nf1 54. Kd3 Nxg3 55. Ke3 Nf5+ 56. Kf3 h5 57. Kg2 h4 58. Kh3 Kf4 59. Kg2 Kg4
60. Kh2 Ne3 61. Kg1 Kg3 62. Kh1 Ng4 63. Kg1 Nf2 64. Kf1 h3 65. Kg1 h2+ 66. Kf1
h1=Q+ 67. Ke2 Qd1+ 0-1

[Event "Women's Speed Chess Q7"]
[Site "chess.com INT"]
[Date "2021.06.06"]
[Round "16"]
[White "Kashlinskaya, Alina"]
[Black "Arabidze, Meri"]
[Result "1/2-1/2"]
[WhiteTitle "IM"]
[BlackTitle "IM"]
[WhiteElo "2494"]
[BlackElo "2432"]
[WhiteFideId "4198026"]
[BlackFideId "13604040"]
[EventDate "2021.06.06"]

1. d4 d5 2. Bg5 Nf6 3. Bxf6 exf6 4. e3 Bd6 5. c4 dxc4 6. Nc3 O-O 7. Bxc4 Nd7 8.
Qc2 Nb6 9. Bd3 g6 10. h4 f5 11. h5 Qf6 12. Nf3 Bd7 13. O-O-O c5 14. dxc5 Bxc5
15. Kb1 Rac8 16. hxg6 fxg6 17. Rh4 Rf7 18. Rdh1 Be6 19. Qe2 a5 20. Nd4 Bxd4 21.
Rxd4 Rfc7 22. Qd2 Bf7 23. Bc2 Nc4 24. Rxc4 Rxc4 25. Bb3 R4c7 26. Nd5 Bxd5 27.
Qxd5+ Kg7 28. Qxa5 h5 29. a3 Rc5 30. Qb4 Qe7 31. Rd1 R8c7 32. Qd4+ Qe5 33. Qd8
Qf6 34. Qg8+ Kh6 35. f4 Rc8 36. Qe6 Qxe6 37. Bxe6 R8c6 38. Bb3 Rc7 39. Ka2 R5c6
40. Rd2 Rb6 41. Rd8 Re7 42. Bd5 Rxe3 43. Rd7 g5 44. fxg5+ Kxg5 45. Rxb7 Rxb7 46.
Bxb7 f4 47. a4 f3 48. Bxf3 h4 49. Bc6 Re6 50. Bb7 Re7 51. Bc6 Re6 52. Bb5 Re5
53. Bc6 Re6 1/2-1/2

[Event "Women's Speed Chess Q7"]
[Site "chess.com INT"]
[Date "2021.06.06"]
[Round "16"]
[White "Obregon Garcia, Roxangel"]
[Black "Szente Varga, Fruzsina"]
[Result "1-0"]
[WhiteTitle "WIM"]
[BlackTitle "WFM"]
[WhiteElo "2167"]
[BlackElo "2100"]
[WhiteFideId "3520420"]
[BlackFideId "712264"]
[EventDate "2021.06.06"]

1. e4 e5 2. Nf3 Nc6 3. Bc4 Bc5 4. d3 Nf6 5. Bg5 h6 6. Bh4 O-O 7. c3 Be7 8. a4 d5
9. exd5 Nxd5 10. Bxe7 Ndxe7 11. O-O Bg4 12. h3 Bh5 13. Nbd2 Qd7 14. b4 Rad8 15.
Qb3 a6 16. Rfe1 Qd6 17. Ne4 Qd7 18. Nc5 Qf5 19. Re3 b6 20. Ne4 Ng6 21. Ng3 Qd7
22. Nxh5 Nf4 23. Nxf4 exf4 24. Re4 Qf5 25. Rae1 b5 26. axb5 axb5 27. Ne5 bxc4
28. Qxc4 Nxe5 29. Rxe5 Qxd3 30. Qxf4 Qxc3 31. b5 Rb8 32. Re7 Rxb5 33. Rc1 Qb2
34. Rcxc7 Qb1+ 35. Kh2 Rf5 36. Qg3 Qd3 37. Qxd3 Rf6 38. Qg3 Kh7 39. f3 Rg6 40.
Qf4 f5 41. Re5 Rgf6 42. Rcc5 Rd8 43. Rxf5 Rg6 44. Rfe5 Rd1 45. Re7 Rb1 46. Rcc7
Rb2 47. Rxg7+ Rxg7 48. Rxg7+ Kxg7 49. Qd4+ Kg6 50. Qxb2 h5 51. f4 h4 52. f5+
Kxf5 53. Qf2+ Kg5 54. g3 hxg3+ 55. Qxg3+ Kh5 56. Kg2 Kh6 57. Kf3 Kh7 58. Kf4 Kh8
59. Kf5 Kh7 60. Kf6 Kh8 61. Qg7# 1-0

[Event "Women's Speed Chess Q7"]
[Site "chess.com INT"]
[Date "2021.06.06"]
[Round "16"]
[White "Nanditha, V"]
[Black "Sviridova, Vlada"]
[Result "1-0"]
[WhiteTitle "WCM"]
[BlackTitle "WFM"]
[WhiteElo "1666"]
[BlackElo "2144"]
[WhiteFideId "46626697"]
[BlackFideId "24109606"]
[EventDate "2021.06.06"]

1. e4 e6 2. d4 d5 3. exd5 exd5 4. Bd3 Nc6 5. c3 Bd6 6. Ne2 Nge7 7. Bg5 f6 8. Bh4
Bg4 9. f3 Bh5 10. Bg3 Qd7 11. Na3 a6 12. Nc2 Bg6 13. a4 Nf5 14. Bxd6 Qxd6 15.
Qd2 Nfe7 16. O-O O-O 17. Rae1 Bxd3 18. Qxd3 Ng6 19. f4 f5 20. Rf3 Rae8 21. Ref1
Re7 22. Ng3 Qf6 23. Nh5 Qf7 24. Ne3 Nd8 25. Rh3 c6 26. Ng3 Ne6 27. Ngxf5 Rd7 28.
g3 Re8 29. Nh4 Nef8 30. f5 Nxh4 31. Rxh4 Rde7 32. Ng4 Re4 33. Ne5 R4xe5 34. dxe5
Rxe5 35. f6 g6 36. Rhf4 Nd7 37. g4 b5 38. Qf3 Re6 39. g5 Ne5 40. Qf2 Nd3 41. Qb6
Nxf4 42. Rxf4 h5 43. Qd8+ Kh7 44. Qa8 Re5 45. h4 Re6 46. Qxa6 bxa4 47. Qxa4 c5
48. Qa7 Qxa7 49. f7 c4+ 50. Kg2 Re2+ 51. Kf1 Qe3 52. f8=Q Re1+ 53. Kg2 1-0

[Event "Women's Speed Chess Q7"]
[Site "chess.com INT"]
[Date "2021.06.06"]
[Round "16"]
[White "Dauletova, Gulmira"]
[Black "Nguyen, Hong Ngoc"]
[Result "1/2-1/2"]
[WhiteTitle "WGM"]
[BlackTitle "WCM"]
[WhiteElo "2257"]
[BlackElo "1957"]
[WhiteFideId "13702971"]
[BlackFideId "12403083"]
[EventDate "2021.06.06"]

1. e4 c5 2. Nf3 d6 3. d4 cxd4 4. Qxd4 Nf6 5. Be2 e5 6. Qe3 Nc6 7. O-O Be6 8. h3
Qc7 9. c4 a6 10. Nc3 Be7 11. b3 O-O 12. Bb2 Nd7 13. Rfd1 f5 14. exf5 Bxf5 15.
Nd5 Qd8 16. Ba3 Nc5 17. Bxc5 dxc5 18. Nf6+ Bxf6 19. Rxd8 Raxd8 20. Qxc5 e4 21.
Qxf5 exf3 22. Qe6+ Kh8 23. Re1 fxe2 24. Rxe2 h6 25. g3 Rd1+ 26. Kg2 Rfd8 27. Qf7
R8d7 28. Re8+ Kh7 29. Qg8+ Kg6 30. h4 Rd8 31. h5+ Kxh5 32. Qf7+ g6 33. Re4 R1d4
34. Qxf6 Rxe4 35. Qf3+ Rg4 36. Kh3 Ne5 37. Qe2 Re8 38. f3 Nxf3 39. Qxf3 Re4 40.
Qf7 Kg5 41. Qf3 h5 42. Qc3 Re8 43. Qd2+ Kf6 44. Qd5 Re6 45. Qd7 Re3 46. Qxb7
Rexg3+ 47. Kh2 Rf3 48. Qxf3+ Kg5 49. c5 h4 50. c6 Rd4 51. Qe3+ Rf4 52. Qxf4+
Kxf4 53. c7 g5 54. c8=Q g4 55. Qc7+ Kf3 56. Qc6+ Kf2 57. Qg2+ Ke3 58. Qxg4 a5
59. Qxh4 Kd2 60. Qa4 Kc2 61. Qxa5 Kb2 62. b4 Ka1 63. b5 Kb2 64. b6 Ka1 65. b7
Kb2 66. Qa4 Ka1 67. Qc2 1/2-1/2

[Event "Women's Speed Chess Q7"]
[Site "chess.com INT"]
[Date "2021.06.06"]
[Round "16"]
[White "Shuvalova, Polina"]
[Black "Avramidou, Anastasia"]
[Result "0-1"]
[WhiteTitle "IM"]
[BlackTitle "FM"]
[WhiteElo "2489"]
[BlackElo "2238"]
[WhiteFideId "24171760"]
[BlackFideId "4239873"]
[EventDate "2021.06.06"]

1. e4 g6 2. d4 Bg7 3. Nc3 c6 4. Be3 d5 5. f3 dxe4 6. fxe4 Nf6 7. Nf3 O-O 8. Bd3
b5 9. a3 Ng4 10. Bg1 e5 11. d5 cxd5 12. Nxd5 a6 13. Qd2 Nc6 14. h3 Nf6 15. Nxf6+
Qxf6 16. Be3 Nd4 17. O-O-O Qc6 18. Kb1 Rd8 19. Nxd4 exd4 20. Bg5 Re8 21. Rhf1
Be6 22. Bf6 Bf8 23. Qg5 Qc5 24. Qxc5 Bxc5 25. g4 Rab8 26. b4 Bf8 27. Be2 Bc4 28.
Bxc4 bxc4 29. Rxd4 a5 30. Rxc4 axb4 31. axb4 Bxb4 32. Kc1 Bf8 33. Rf3 Bh6+ 34.
g5 Bf8 35. Rd3 Ra8 36. Kd2 Ra6 37. e5 Rae6 38. h4 h6 39. Rg4 Bg7 40. Rf4 Bxf6
41. exf6 Re5 42. gxh6 Kh7 43. c4 Kxh6 44. Kc3 Rc8 45. Rfd4 Re6 46. Rd7 Rxf6 47.
R3d5 Kg7 48. c5 Rf4 49. R7d6 Rxh4 50. c6 Rf4 51. Rc5 Rf6 52. Rd7 Rcxc6 53. Rxc6
Rxc6+ 54. Kd4 Re6 55. Kd5 g5 56. Ra7 Kg6 57. Ra4 Re8 58. Rg4 f5 59. Rg1 g4 60.
Kd6 Kg5 61. Kd7 Re2 62. Rd1 f4 63. Rd6 g3 64. Rd5+ Kg4 65. Ra5 g2 66. Ra8 Kf3
67. Rg8 Kf2 68. Rg4 f3 0-1

[Event "Women's Speed Chess Q7"]
[Site "chess.com INT"]
[Date "2021.06.06"]
[Round "16"]
[White "Mkrtchian, Lilit"]
[Black "Berend, Elvira"]
[Result "1/2-1/2"]
[WhiteTitle "IM"]
[BlackTitle "WGM"]
[WhiteElo "2388"]
[BlackElo "2326"]
[WhiteFideId "13300601"]
[BlackFideId "4000510"]
[EventDate "2021.06.06"]

1. e4 c5 2. Nc3 Nc6 3. Nge2 g6 4. g3 Bg7 5. Bg2 d6 6. O-O Nf6 7. d3 O-O 8. h3
Bd7 9. Be3 Rb8 10. Kh2 b5 11. Qd2 b4 12. Nd1 a5 13. Bh6 a4 14. Bxg7 Kxg7 15. f4
Nd4 16. Nxd4 cxd4 17. Qf2 Qb6 18. e5 Ne8 19. Qe2 Qd8 20. Nf2 Rc8 21. Rac1 e6 22.
exd6 Qb6 23. Ne4 Nxd6 24. Ng5 Kg8 25. Nf3 Nf5 26. Ne5 Qc7 27. Ng4 Kg7 28. Be4
Ne3 29. Nxe3 dxe3 30. Qxe3 Bc6 31. Bxc6 Qxc6 32. Qe5+ Kg8 33. Rfe1 Qc5 34. Qe3
Qxe3 35. Rxe3 Rfd8 36. Kg2 b3 37. axb3 axb3 38. c3 Ra8 39. Kf2 Ra2 40. Re2 Rxd3
41. c4 Rd6 42. c5 Rc6 43. Rd2 Kf8 44. Ke2 Ke7 45. Kd3 Ra4 46. Rc3 Ra5 47. Kd4
Rb5 48. Rdd3 f6 49. Rxb3 Rbxc5 50. Rb7+ Kf8 51. Ke3 Rc7 52. Rd8+ Ke7 53. Rxc7+
Rxc7 54. Rh8 Kd6 55. Kd4 Rb7 56. Kc3 e5 57. fxe5+ fxe5 58. b4 Kd5 59. Rd8+ Kc6
60. Kc4 Re7 61. b5+ Kb7 62. Kd5 e4 63. Rf8 e3 64. Rf1 e2 65. Re1 Kb6 66. Kd4
Kxb5 67. Kd3 Kc5 68. Rxe2 Rxe2 69. Kxe2 Kd4 70. Kf3 Ke5 71. h4 h5 72. Ke3 Kf5
73. Kf3 g5 74. hxg5 Kxg5 75. Kf2 h4 76. gxh4+ Kxh4 1/2-1/2

[Event "Women's Speed Chess Q7"]
[Site "chess.com INT"]
[Date "2021.06.06"]
[Round "16"]
[White "Zhuravleva, Olga"]
[Black "Dong, Khanh Linh"]
[Result "1/2-1/2"]
[WhiteTitle "WIM"]
[BlackTitle "WCM"]
[WhiteElo "2278"]
[BlackElo "1970"]
[WhiteFideId "4145933"]
[BlackFideId "12403040"]
[EventDate "2021.06.06"]

1. e4 c5 2. Nf3 d6 3. d4 cxd4 4. Nxd4 Nf6 5. Nc3 a6 6. Bd3 e5 7. Nb3 Be7 8. O-O
Be6 9. Kh1 d5 10. exd5 Nxd5 11. Nxd5 Bxd5 12. Qe2 Nc6 13. Be3 O-O 14. Rad1 Nb4
15. Be4 Bxe4 16. Rxd8 Raxd8 17. Bb6 Bxc2 18. Bxd8 Bd3 19. Qxe5 Nc6 20. Bxe7 Nxe5
21. Bxf8 Bxf1 22. Bc5 Nd3 23. Bd4 Be2 24. f3 f6 25. Kg1 Bd1 26. Nd2 b5 27. Kf1
b4 28. Nc4 Ba4 29. Ke2 Nf4+ 30. Kf2 Ne6 31. Be3 Bb5 32. Nd6 Bc6 33. Nc4 Kf7 34.
Nd2 g5 35. Nb3 Bb7 36. Ke2 h5 37. Kd3 g4 38. fxg4 hxg4 39. g3 Bd5 40. Nc5 Nxc5+
41. Bxc5 Bxa2 42. Bxb4 Bd5 43. Bc3 Ke6 44. Kd4 f5 45. Kc5 Bg2 46. Kb6 Bf1 47.
Bd2 Kd5 48. Bc3 Ke4 49. Kc5 Kf3 50. Kd5 Kg2 51. Ke6 Bd3 52. Be5 Kxh2 53. Bf4 Kg2
54. Ke5 Kf3 55. Kd4 Ke2 56. Kc3 Be4 57. Be5 Ke3 58. Bf4+ Kf3 59. Be5 Bc6 60. Bf4
Ke4 61. Bd6 Kd5 62. Bf4 a5 63. Bd2 a4 64. Bf4 Ke4 65. Bd6 Kf3 66. Bc7 Bd5 67.
Bd6 Bb3 68. Bc7 Ke2 69. Bd6 Ke3 70. Bc7 Ke4 71. Bd6 Kd5 72. Bf4 Kc5 73. Bb8 Kd5
74. Bf4 Ke4 75. Bb8 Ke3 76. Bf4+ Ke2 77. Bd6 Kd1 78. Bc7 Kc1 79. Bd6 Kb1 80. Bf4
Bd5 81. Be3 Ka2 82. Bf4 Be4 83. Be3 Bd5 84. Bf4 Be4 85. Be3 Bd5 1/2-1/2

[Event "Women's Speed Chess Q7"]
[Site "chess.com INT"]
[Date "2021.06.06"]
[Round "17"]
[White "Gunina, Valentina"]
[Black "Vo, Thi Kim Phung"]
[Result "1-0"]
[WhiteTitle "GM"]
[BlackTitle "WGM"]
[WhiteElo "2436"]
[BlackElo "2335"]
[WhiteFideId "4167570"]
[BlackFideId "12401838"]
[EventDate "2021.06.06"]

1. d4 Nf6 2. c4 e6 3. Nf3 Be7 4. g3 b6 5. Bg2 Bb7 6. O-O O-O 7. Qc2 Be4 8. Qb3
d6 9. Nc3 Bb7 10. Qc2 c5 11. dxc5 bxc5 12. Bg5 h6 13. Bxf6 Bxf6 14. Ng5 Bxg2 15.
Qh7# 1-0

[Event "Women's Speed Chess Q7"]
[Site "chess.com INT"]
[Date "2021.06.06"]
[Round "17"]
[White "Potapova, Margarita"]
[Black "Kulkarni, Bhakti"]
[Result "1-0"]
[WhiteTitle "WIM"]
[BlackTitle "IM"]
[WhiteElo "2260"]
[BlackElo "2391"]
[WhiteFideId "14126869"]
[BlackFideId "5019516"]
[EventDate "2021.06.06"]

1. d4 c5 2. d5 e5 3. c4 d6 4. e4 f5 5. exf5 Bxf5 6. Bd3 Qf6 7. Nc3 Qg6 8. Bxf5
Qxf5 9. Nge2 Nf6 10. Ng3 Qg6 11. O-O Be7 12. f4 exf4 13. Bxf4 O-O 14. Qd2 Nbd7
15. Rae1 Rae8 16. Rxe7 Rxe7 17. Bxd6 Rfe8 18. Bxe7 Rxe7 19. Qf4 h6 20. a3 Qc2
21. Qf2 Qd3 22. Nf5 Re5 23. Nd6 Kh7 24. Nf7 Re3 25. Rd1 Ng4 26. Rxd3 Nxf2 27.
Rxe3 1-0

[Event "Women's Speed Chess Q7"]
[Site "chess.com INT"]
[Date "2021.06.06"]
[Round "17"]
[White "Nguyen, Hong Ngoc"]
[Black "Balabayeva, Xeniya"]
[Result "1-0"]
[WhiteTitle "WCM"]
[BlackTitle "WFM"]
[WhiteElo "1957"]
[BlackElo "2116"]
[WhiteFideId "12403083"]
[BlackFideId "13719688"]
[EventDate "2021.06.06"]

1. e4 c6 2. d3 d5 3. Nd2 g6 4. g3 Bg7 5. Bg2 e5 6. exd5 cxd5 7. c3 Ne7 8. Ne2
O-O 9. O-O Nbc6 10. Qc2 Bf5 11. b3 Rc8 12. Bb2 Nb4 13. Qd1 Nxd3 14. Ba3 Re8 15.
Nf3 e4 16. Nh4 Bxc3 17. Nxf5 Nxf5 18. Nxc3 Rxc3 19. Qd2 Qc7 20. Rfd1 Rc2 21. Qg5
Rxf2 22. Rxd3 Rxg2+ 23. Kxg2 exd3 24. Rf1 Re2+ 25. Kh3 Qc2 26. Qd8+ Kg7 27. Bf8+
Kg8 28. Bh6+ Re8 29. Qxe8# 1-0

[Event "Women's Speed Chess Q7"]
[Site "chess.com INT"]
[Date "2021.06.06"]
[Round "17"]
[White "Corrales Jimenez, Zenia"]
[Black "Vine, Elzbieta"]
[Result "1-0"]
[WhiteTitle "WIM"]
[BlackTitle "WFM"]
[WhiteElo "2189"]
[BlackElo "2138"]
[WhiteFideId "3506355"]
[BlackFideId "1119320"]
[EventDate "2021.06.06"]

1. e4 c5 2. d4 cxd4 3. c3 e5 4. cxd4 exd4 5. Nf3 Nc6 6. Bc4 d5 7. Bxd5 Nf6 8.
Bb3 Bb4+ 9. Bd2 Bxd2+ 10. Nbxd2 O-O 11. O-O Bg4 12. h3 Bh5 13. Re1 d3 14. Rc1
Nd4 15. g4 Nxb3 16. Nxb3 Bg6 17. Nc5 b6 18. Nxd3 Bxe4 19. Nde5 Qxd1 20. Rcxd1
Rfe8 21. g5 Bxf3 22. Nxf3 Rxe1+ 23. Rxe1 Nd5 24. Rd1 Nf4 25. Kh2 h6 26. gxh6
gxh6 27. Rd7 a5 28. Ne5 Rf8 29. Nc6 1-0

[Event "Women's Speed Chess Q7"]
[Site "chess.com INT"]
[Date "2021.06.06"]
[Round "17"]
[White "Tokhirjonova, Gulrukhbegim"]
[Black "Gevorgyan, Maria"]
[Result "1-0"]
[WhiteTitle "WGM"]
[BlackTitle "WGM"]
[WhiteElo "2344"]
[BlackElo "2219"]
[WhiteFideId "14203626"]
[BlackFideId "13300270"]
[EventDate "2021.06.06"]

1. e4 c5 2. Nf3 Nc6 3. Bb5 g6 4. O-O Bg7 5. Re1 d6 6. c3 Nf6 7. h3 O-O 8. d4
cxd4 9. cxd4 a6 10. Bf1 e5 11. d5 Ne7 12. a4 Nd7 13. b4 f5 14. Ng5 Nf6 15. Nc3
h6 16. Ne6 Bxe6 17. dxe6 Qc8 18. Nd5 Nfxd5 19. exd5 e4 20. Rb1 b6 21. Bb2 Qb7
22. Bxg7 Kxg7 23. Qd4+ Kh7 24. Red1 Rac8 25. Rbc1 Rxc1 26. Rxc1 Nxd5 27. Bxa6
Qa8 28. Bc4 Ne7 29. Qxd6 Qb7 30. Ba6 Nc8 31. Qxf8 Qg7 32. Qxc8 h5 33. Rc7 1-0